| 000 | 01437nam a22002657a 4500 | ||
|---|---|---|---|
| 999 |
_c78459 _d78459 |
||
| 005 | 20200306152443.0 | ||
| 010 | _aB-732760 B-494672-681 HIN-101891 B-712876 | ||
| 020 |
_a9788170281573 _c350.00 |
||
| 020 |
_c425.00 _a9788170281573 |
||
| 035 | _aB-732760 | ||
| 035 | _aB-494672-681 | ||
| 035 | _aB-712876 | ||
| 035 | _aHN-74237 | ||
| 037 | _bस्टार पब्लिकेशंस | ||
| 082 | _aउ | ||
| 100 | _aचतुरसेन | ||
| 245 |
_aसोमनाथ / _cचतुरसेन |
||
| 260 |
_aदिल्ली _bराजपाल _b2013 _c2017 |
||
| 270 |
_a1590, मदरसा रोड, कश्मीरी गेट _bदिल्ली _e110006 _k011-23869812, 23865483 _l011-23867791 _msales@rajpalpublishing.com |
||
| 300 |
_a400 पृ. _c22 सेंमी.(सजिल्द) |
||
| 942 |
_2ddc _cHN _hउ _mचतुर |
||